Lord of the Rings rulers by race - Statistics

General Stats
  • This quiz has been taken 242 times
  • The average score is 9 of 15
Answer Stats
Question Answer % Correct
Galadriel Elves
97%
Théoden Men
97%
Thorin Dwarves
90%
Dáin Dwarves
81%
Manwë Other
81%
Finrod Felagund Elves
65%
Thingol Elves
61%
Gwaihir Other
61%
Sharkey Other
61%
Ar-Pharazôn Men
58%
Dior Elves
42%
Ondoher Men
35%
Hyarmendacil Men
19%
Ghân-buri-Ghân Men
19%
Elbereth Other
19%
No matching quizzes found
Score Distribution
Percent of People with Each Score
Percentile by Number Answered
Your Score History
You have not taken this quiz